| 000 | 00686nam a2200181Ia 4500 | ||
|---|---|---|---|
| 008 | 190422s9999 xx 000 0 und d | ||
| 100 | _aShillam, Casey R. | ||
| 245 | _aDevelopment of the leadership influence self-assessment (LISA) instrument / | ||
| 245 | _cCasey R. Shillam PhD RN, Jeffrey M. Adams PhD RN NEA-BC FAAN, Debbie Chatman Bryant DNP RN FAAN, Joy p. Deupree PhD RN WHNP-BC, Suzanne Miyamoto PhD RN FAAN, & Matt Gregas PhD.-- | ||
| 260 | _bElsevier | ||
| 260 | _c2018 | ||
| 300 | _apages 130-137, March/April 2018 | ||
| 440 |
_aNursing Outlook _v66(2) |
||
| 650 | _aInfluence | ||
| 650 | _aINstrument Development | ||
| 650 | _aLeadership | ||
| 650 | _aNursing | ||
| 999 |
_c361423 _d361423 |
||